000
00234nam a22001097a 4500
003
SGT
082
_a
346.0134
_b
R24R
100
_a
RAI AKANSHA
245
_a
REPRODUCTIVE RIGHTS OF WOMEN IN INDIA
653
_a
PHD(LAW)
942
_2
ddc
_c
TH
999
_c
32450
_d
32450